000 00655cam a2200229 4500
008 090401t1993 xxu||||| |||| 00| 0 eng d
020 _a0117528668
035 _a(Sirsi) u70233
041 _aeng
050 _a711.4
110 _aUnited Kingdom
_bDepartment of the Environment
_9982
245 _aEnvironmental appraisal of development plans: a good practice guide.
260 _aLondon
_bHMSO
_c1993
300 _av,57p. ; 30cm.
350 _a10
650 _aDEVELOPMENT PLANS
650 _aENVIRONMENTAL APPRAISAL
650 _aSUSTAINABLE DEVELOPMENT
690 _aENVIRONMENTAL AND LAND CONSULTANCY
942 _n0
948 _c04/03/1997
999 _c95302
_d95302